[Event "LLO 2017/18"]
[Site "Mecklenburg-Vorpommern"]
[Date "2018.04.08"]
[Round "8.4"]
[White "Boettner, Oliver"]
[Black "Wegner, Michael"]
[Result "0-1"]
[WhiteElo "1581"]
[BlackElo "1627"]
[PlyCount "52"]
[EventDate "2017.??.??"]
[EventType "team-tourn"]
[EventRounds "9"]
[SourceDate "2017.10.08"]
[WhiteTeam "FHSG Stralsund II"]
[BlackTeam "SSC Rostock II"]

1. e4 e5 2. Nf3 d6 3. Bc4 Be7 4. d3 Nf6 5. Be3 Bg4 6. Nbd2 c6 7. c3 b5 8. Bb3
O-O 9. Bc2 Nbd7 10. d4 d5 11. h3 Bh5 12. O-O Bd6 13. Rc1 Re8 14. Re1 Bg6 15.
Bg5 Qc7 16. Bxf6 Nxf6 17. exd5 e4 18. Nh4 cxd5 19. Nxg6 hxg6 20. a4 a6 21. Qe2
Rab8 22. Ra1 Bf4 23. Nf1 Rec8 24. axb5 axb5 25. Bb3 b4 26. g3 bxc3 0-1

[Event "LLO 2017/18"]
[Site "Mecklenburg-Vorpommern"]
[Date "2018.04.08"]
[Round "8.5"]
[White "Nour, Alaa"]
[Black "Jabbusch, Burkhard"]
[Result "1-0"]
[WhiteElo "1614"]
[BlackElo "1641"]
[PlyCount "81"]
[EventDate "2017.??.??"]
[EventType "team-tourn"]
[EventRounds "9"]
[SourceDate "2017.10.08"]
[WhiteTeam "SSC Rostock II"]
[BlackTeam "FHSG Stralsund II"]

1. e4 c5 2. Nf3 Nc6 3. d4 cxd4 4. Nxd4 d6 5. Be3 Nf6 6. f3 e5 7. Nb3 Be7 8. c4
Be6 9. Nc3 O-O 10. Nd5 b6 11. Be2 Ne8 12. Nxe7+ Qxe7 13. Rc1 f5 14. exf5 Bxf5
15. Qd5+ Kh8 16. Qxc6 Rc8 17. Qd5 Nc7 18. Qd2 Ne6 19. O-O g5 20. Bd3 Rcd8 21.
Qc2 Bxd3 22. Qxd3 Nf4 23. Bxf4 gxf4 24. Nd2 Rf6 25. Ne4 Rh6 26. Rc2 Qh4 27. h3
Rg8 28. Nxd6 Qf6 29. Ne4 Qh4 30. Qd7 Rhg6 31. Rd2 R6g7 32. Qf5 Qe7 33. Rff2 Rf8
34. Qh5 Rfg8 35. Rd5 Qb4 36. Qxe5 Qe1+ 37. Kh2 h6 38. Rd7 Qe3 39. Rfd2 Qe1 40.
R2d6 Qh4 41. Rg6 1-0

[Event "LLO 2017/18"]
[Site "Mecklenburg-Vorpommern"]
[Date "2018.04.08"]
[Round "8.6"]
[White "Klinger, Clemens"]
[Black "Birkholz, Karl Lukas"]
[Result "1-0"]
[WhiteElo "1582"]
[BlackElo "1639"]
[PlyCount "27"]
[EventDate "2017.??.??"]
[EventType "team-tourn"]
[EventRounds "9"]
[SourceDate "2017.10.08"]
[WhiteTeam "FHSG Stralsund II"]
[BlackTeam "SSC Rostock II"]

1. e4 e6 2. d4 d5 3. Nc3 Bb4 4. Bd2 dxe4 5. Qg4 Qxd4 6. Nf3 Qf6 7. Qxe4 Nc6 8.
Bb5 Bxc3 9. Bxc6+ bxc6 10. Qxc6+ Kd8 11. Bxc3 e5 12. Rd1+ Qd6 13. Rxd6+ cxd6
14. Qxa8 1-0

[Event "LLO 2017/18"]
[Site "Mecklenburg-Vorpommern"]
[Date "2018.04.08"]
[Round "8.7"]
[White "Kallweit, Paul"]
[Black "Vlach, Michael"]
[Result "1/2-1/2"]
[WhiteElo "1395"]
[BlackElo "1558"]
[PlyCount "77"]
[EventDate "2017.??.??"]
[EventType "team-tourn"]
[EventRounds "9"]
[SourceDate "2017.10.08"]
[WhiteTeam "SSC Rostock II"]
[BlackTeam "FHSG Stralsund II"]

1. e4 e6 2. d4 d5 3. exd5 exd5 4. Bd3 Nf6 5. Nf3 Bg4 6. h3 Bh5 7. Nc3 c6 8. Bf4
Be7 9. Qe2 O-O 10. g4 Bg6 11. O-O-O Nbd7 12. Rdg1 c5 13. h4 Bxd3 14. Qxd3 cxd4
15. Nxd4 Nc5 16. Qg3 Nce4 17. Nxe4 Nxe4 18. Qe3 Bc5 19. f3 Qb6 20. Rd1 Rfe8 21.
Qg1 Nd6 22. Bxd6 Qxd6 23. Qh2 Qf6 24. g5 Qa6 25. Kb1 Bd6 26. Qd2 Rac8 27. Nf5
Re2 28. Qd3 Qxd3 29. Rxd3 Bf8 30. c3 g6 31. Ne3 Rc5 32. Nxd5 Rb5 33. b3 Ba3 34.
Nf6+ Kg7 35. Rd8 Bf8 36. Ne8+ Kg8 37. Nf6+ Kg7 38. Ne8+ Kg8 39. Nf6+ 1/2-1/2

[Event "LLO 2017/18"]
[Site "Mecklenburg-Vorpommern"]
[Date "2018.04.08"]
[Round "8.8"]
[White "Jenschke, Tim"]
[Black "Kimura, Jonas Minoru"]
[Result "1-0"]
[WhiteElo "1420"]
[BlackElo "1362"]
[PlyCount "57"]
[EventDate "2017.??.??"]
[EventType "team-tourn"]
[EventRounds "9"]
[SourceDate "2017.10.08"]
[WhiteTeam "FHSG Stralsund II"]
[BlackTeam "SSC Rostock II"]

1. Nf3 e6 2. d4 d5 3. g3 Nf6 4. Bg2 Bd7 5. Nbd2 c5 6. c3 Nc6 7. Nb3 cxd4 8.
Nfxd4 Rc8 9. Qd3 Nxd4 10. Qxd4 Bb5 11. Bf4 Bc4 12. Bf3 Bxb3 13. axb3 Bc5 14.
Qd1 Qb6 15. O-O O-O 16. Qc2 Rfd8 17. Ra4 Qc6 18. Be5 b5 19. Rh4 Ne4 20. Bxe4
dxe4 21. Rxe4 f5 22. Rh4 g5 23. Rh5 g4 24. Qc1 Be7 25. Qh6 Kf7 26. Qg7+ Ke8 27.
Rxh7 Qc5 28. b4 Qxe5 29. Qxe7# 1-0

[Event "LLO 2017/18"]
[Site "Mecklenburg-Vorpommern"]
[Date "2018.04.08"]
[Round "8.1"]
[White "Eckermann, Klaus"]
[Black "Kilp, Andreas"]
[Result "1-0"]
[WhiteElo "1749"]
[BlackElo "1701"]
[PlyCount "61"]
[EventDate "2017.??.??"]
[EventType "team-tourn"]
[EventRounds "9"]
[SourceDate "2017.10.08"]
[WhiteTeam "Ribnitz-Damgarten"]
[BlackTeam "SAV Torgelow II"]

1. e4 e5 2. Nf3 Nc6 3. Bb5 a6 4. Bxc6 bxc6 5. O-O d6 6. d4 Bg4 7. dxe5 Bxf3 8.
Qxf3 dxe5 9. Rd1 Qc8 10. Be3 Nf6 11. Nd2 Ng4 12. Nc4 Qe6 13. b3 Be7 14. Rd3 O-O
15. Rad1 Rfd8 16. h3 Nf6 17. Rxd8+ Rxd8 18. Rxd8+ Bxd8 19. Bg5 Be7 20. Bxf6
Bxf6 21. Qf5 Qxf5 22. exf5 Kf8 23. Kf1 Ke8 24. Ke2 Kd7 25. Kd3 g6 26. Ke4 Ke7
27. fxg6 hxg6 28. Nxe5 Bxe5 29. Kxe5 f6+ 30. Kf4 Ke6 31. h4 1-0

[Event "LLO 2017/18"]
[Site "Mecklenburg-Vorpommern"]
[Date "2018.04.08"]
[Round "8.2"]
[White "Kilp, Gunnar"]
[Black "Floegel, Thomas"]
[Result "0-1"]
[WhiteElo "1685"]
[BlackElo "1685"]
[PlyCount "60"]
[EventDate "2017.??.??"]
[EventType "team-tourn"]
[EventRounds "9"]
[SourceDate "2017.10.08"]
[WhiteTeam "SAV Torgelow II"]
[BlackTeam "Ribnitz-Damgarten"]

1. d4 e6 2. Nf3 d5 3. Bf4 c5 4. c3 Nf6 5. e3 Nbd7 6. Nbd2 Be7 7. Bd3 Nh5 8. Bg3
Nxg3 9. hxg3 h6 10. e4 cxd4 11. Nxd4 Nc5 12. Bb5+ Bd7 13. Bxd7+ Qxd7 14. O-O
dxe4 15. b4 Na4 16. Nxe4 O-O 17. b5 Nb6 18. Qb3 Rac8 19. Rfd1 Qc7 20. Rac1 Nc4
21. Nd2 Bg5 22. f4 Nxd2 23. Rxd2 Bf6 24. Nf3 Qc5+ 25. Kh2 Qe3 26. c4 Qc5 27.
Rd7 Qb6 28. Qb4 Rc5 29. a4 Rh5+ 30. Nh4 Bxh4 0-1

[Event "LLO 2017/18"]
[Site "Mecklenburg-Vorpommern"]
[Date "2018.04.08"]
[Round "8.3"]
[White "Dittschlag, Lothar"]
[Black "Grossmann, Piet"]
[Result "1/2-1/2"]
[WhiteElo "1646"]
[BlackElo "1654"]
[PlyCount "115"]
[EventDate "2017.??.??"]
[EventType "team-tourn"]
[EventRounds "9"]
[SourceDate "2017.10.08"]
[WhiteTeam "Ribnitz-Damgarten"]
[BlackTeam "SAV Torgelow II"]

1. e4 e6 2. Nc3 d5 3. d4 dxe4 4. Nxe4 Nd7 5. Nf3 Ngf6 6. Bg5 Be7 7. Nxf6+ Nxf6
8. Bd3 O-O 9. O-O b6 10. Bxf6 Bxf6 11. Be4 Rb8 12. Qd3 h6 13. Rad1 Qe7 14. Ne5
Bxe5 15. dxe5 Bb7 16. Bxb7 Rxb7 17. Rd2 c5 18. Rfd1 Rc7 19. c4 Re8 20. Qe4 Rec8
21. Rd6 g6 22. Qe3 Kg7 23. R1d3 Rb8 24. Qd2 Rbb7 25. Rh3 Qg5 26. Qxg5 hxg5 27.
g4 Rd7 28. Rhd3 Rxd6 29. Rxd6 Kf8 30. Kg2 Ke7 31. Kf3 f5 32. Rd3 Rb8 33. Ra3
Ra8 34. Kg2 Kf7 35. Rh3 Rg8 36. Rh7+ Rg7 37. Rxg7+ Kxg7 38. f3 Kf7 39. Kf2 fxg4
40. fxg4 Ke8 41. Ke3 Ke7 42. Kd3 Kd7 43. Kc3 Kc7 44. a3 a6 45. b4 cxb4+ 46.
axb4 Kc6 47. Kd4 a5 48. b5+ Kd7 49. c5 bxc5+ 50. Kxc5 Kc7 51. b6+ Kb7 52. Kb5
a4 53. Kxa4 Kxb6 54. Kb4 Kc6 55. Kc4 Kb6 56. Kb4 Kc6 57. Kc4 Kb6 58. Kb4
1/2-1/2

[Event "LLO 2017/18"]
[Site "Mecklenburg-Vorpommern"]
[Date "2018.04.08"]
[Round "8.4"]
[White "Schmekel, Felix"]
[Black "Morejko, Wojciech"]
[Result "1-0"]
[WhiteElo "1636"]
[BlackElo "1608"]
[PlyCount "117"]
[EventDate "2017.??.??"]
[EventType "team-tourn"]
[EventRounds "9"]
[SourceDate "2017.10.08"]
[WhiteTeam "SAV Torgelow II"]
[BlackTeam "Ribnitz-Damgarten"]

1. d4 Nf6 2. c4 g6 3. Nc3 d5 4. cxd5 Nxd5 5. e4 Nxc3 6. bxc3 Bg7 7. Be2 c5 8.
Nf3 cxd4 9. cxd4 Bg4 10. Rb1 b6 11. Bb2 Nc6 12. O-O O-O 13. d5 Bxb2 14. Rxb2
Bxf3 15. Bxf3 Ne5 16. Be2 Nd7 17. Rb3 Nc5 18. Re3 Qc7 19. Bg4 Rad8 20. Qc1 Qe5
21. f4 Qd4 22. Rd1 Qa4 23. Rde1 h5 24. Bf3 e6 25. f5 exf5 26. exf5 Qd4 27. Rd1
Qf6 28. fxg6 fxg6 29. Qc4 Rd6 30. Rc1 Qg5 31. Ra3 a6 32. Re1 Rxf3 33. Rxf3 Qxd5
34. Qxd5+ Rxd5 35. Rf6 Kg7 36. Rxb6 Rd2 37. Rc6 Na4 38. Ra1 a5 39. Rc7+ Kh6 40.
Rc4 Nb2 41. Rc6 a4 42. a3 Nd1 43. Re6 Nc3 44. Re3 Nd1 45. Rf3 Kg5 46. Rc1 Nb2
47. Rc5+ Kh6 48. h4 Rd1+ 49. Kh2 Rd4 50. g3 Rd2+ 51. Kh3 Nd3 52. Ra5 Nf2+ 53.
Kg2 Ng4+ 54. Kg1 Rd4 55. Ra7 Rd1+ 56. Rf1 Rd4 57. Rff7 Rd1+ 58. Kg2 Rd2+ 59.
Kf1 1-0

[Event "LLO 2017/18"]
[Site "Mecklenburg-Vorpommern"]
[Date "2018.04.08"]
[Round "8.5"]
[White "Klugmann, Horst"]
[Black "Schmekel, Matthias"]
[Result "1-0"]
[WhiteElo "1631"]
[BlackElo "1638"]
[PlyCount "31"]
[EventDate "2017.??.??"]
[EventType "team-tourn"]
[EventRounds "9"]
[SourceDate "2017.10.08"]
[WhiteTeam "Ribnitz-Damgarten"]
[BlackTeam "SAV Torgelow II"]

1. d4 f5 2. c4 g6 3. Nf3 Nf6 4. g3 Bg7 5. Bg2 O-O 6. O-O d6 7. Nc3 Nbd7 8. Ng5
Nb6 9. c5 dxc5 10. dxc5 Qxd1 11. Rxd1 Nc4 12. Nd5 c6 13. Nxe7+ Kh8 14. Rd8 Ng8
15. Nf7+ Rxf7 16. Rxg8# 1-0

[Event "LLO 2017/18"]
[Site "Mecklenburg-Vorpommern"]
[Date "2018.04.08"]
[Round "8.6"]
[White "Schmidt, Paul"]
[Black "Wehrmann, Horst"]
[Result "1/2-1/2"]
[WhiteElo "1590"]
[BlackElo "1585"]
[PlyCount "112"]
[EventDate "2017.??.??"]
[EventType "team-tourn"]
[EventRounds "9"]
[SourceDate "2017.10.08"]
[WhiteTeam "SAV Torgelow II"]
[BlackTeam "Ribnitz-Damgarten"]

1. e4 d5 2. exd5 Qxd5 3. Nc3 Qd8 4. d4 e6 5. Nf3 Nf6 6. Bd3 h6 7. Bf4 Bd6 8.
Ne5 Nbd7 9. Qd2 a6 10. O-O-O Nh5 11. Be3 Bxe5 12. dxe5 Nxe5 13. Bb5+ Bd7 14.
Bxd7+ Nxd7 15. Qe2 Nhf6 16. h4 Qe7 17. g4 O-O-O 18. g5 hxg5 19. Bxg5 Qb4 20. a3
Qc5 21. Rd2 Qe5 22. Qf3 Qf5 23. Qxf5 exf5 24. Nd5 Ne4 25. Bxd8 Nxd2 26. Bxc7
Nf3 27. Rh3 Nxh4 28. Bg3 Ng6 29. Rxh8+ Nxh8 30. Ne7+ Kd8 31. Nxf5 g6 32. Nd6 b5
33. Kd2 Ke7 34. Ke3 Ke6 35. Kd4 f5 36. Nb7 g5 37. Bc7 Nf7 38. Nc5+ Nxc5 39.
Kxc5 Ne5 40. Kb6 g4 41. Kxa6 f4 42. Kxb5 g3 43. fxg3 fxg3 44. c4 g2 45. Bb6 Kd6
46. b4 Nf3 47. a4 g1=Q 48. Bxg1 Nxg1 49. c5+ Kc7 50. Ka6 Nf3 51. b5 Nd4 52. Ka7
Kc8 53. c6 Nxc6+ 54. Kb6 Ne7 55. a5 Kb8 56. a6 Nc8+ 1/2-1/2

[Event "LLO 2017/18"]
[Site "Mecklenburg-Vorpommern"]
[Date "2018.04.08"]
[Round "8.7"]
[White "Zierke, Udo"]
[Black "Greinert, Timo"]
[Result "0-1"]
[WhiteElo "1597"]
[BlackElo "1780"]
[PlyCount "132"]
[EventDate "2017.??.??"]
[EventType "team-tourn"]
[EventRounds "9"]
[SourceDate "2017.10.08"]
[WhiteTeam "Ribnitz-Damgarten"]
[BlackTeam "SAV Torgelow II"]

1. d4 d5 2. c4 c6 3. cxd5 cxd5 4. Nc3 Nf6 5. Nf3 Nc6 6. Bf4 Qb6 7. Qd2 Bf5 8.
a3 e6 9. e3 Be7 10. Bb5 O-O 11. O-O Nh5 12. Bxc6 bxc6 13. Be5 f6 14. Bg3 Nxg3
15. fxg3 c5 16. Nh4 Bg4 17. Nf3 Rfd8 18. Na4 Qb5 19. Nc3 Qb6 20. h3 Bh5 21. g4
Bg6 22. Nh4 Bf7 23. Rf2 Rab8 24. Qd1 Bd6 25. Rd2 Rd7 26. Qe2 Rdb7 27. Kh1 Qb3
28. Na4 Qb5 29. Qxb5 Rxb5 30. dxc5 Bxc5 31. Nxc5 Rxc5 32. b4 Rc6 33. Re2 Rbc8
34. Kg1 Rc1+ 35. Rxc1 Rxc1+ 36. Kf2 Be8 37. Nf3 Ra1 38. Rc2 Rxa3 39. Rc8 Kf7
40. Rc7+ Kf8 41. Nd4 Ra6 42. b5 Rb6 43. Rxa7 Bxb5 44. Ra8+ Ke7 45. Ra7+ Bd7 46.
Kf3 Kd6 47. h4 g6 48. g5 fxg5 49. hxg5 e5 50. Ne2 Ke6 51. g3 Rd6 52. Rc7 Kf5
53. Nc3 Kxg5 54. Rc5 Bc6 55. Ra5 Kf5 56. Kf2 h5 57. Rc5 g5 58. Ne2 Rf6 59. Nc3
Kg4+ 60. Kg1 Kxg3 61. Nxd5 Bxd5 62. Rxd5 Re6 63. Rd7 h4 64. Rg7 g4 65. Rf7 h3
66. Rh7 Rb6 0-1

[Event "LLO 2017/18"]
[Site "Mecklenburg-Vorpommern"]
[Date "2018.04.08"]
[Round "8.8"]
[White "Plock, Joerg"]
[Black "Claus, Jens"]
[Result "1-0"]
[WhiteElo "1558"]
[BlackElo "1562"]
[PlyCount "83"]
[EventDate "2017.??.??"]
[EventType "team-tourn"]
[EventRounds "9"]
[SourceDate "2017.10.08"]
[WhiteTeam "SAV Torgelow II"]
[BlackTeam "Ribnitz-Damgarten"]

1. d4 d5 2. c4 c6 3. Nc3 Nf6 4. Nf3 e6 5. e3 Nbd7 6. Bd3 dxc4 7. Bxc4 b5 8. Bd3
Be7 9. O-O O-O 10. Bd2 Bb7 11. Rc1 Rc8 12. Re1 a6 13. Qe2 Qb6 14. e4 c5 15. Be3
cxd4 16. Bxd4 Bc5 17. Bxc5 Qxc5 18. Nd5 Qd6 19. Nxf6+ gxf6 20. Qe3 Ne5 21. Nxe5
Qxe5 22. b3 Rxc1 23. Rxc1 Rc8 24. Rxc8+ Bxc8 25. Qg3+ Qxg3 26. hxg3 b4 27. f4
a5 28. Kf2 Kf8 29. Ke3 Ke7 30. Kd4 Kd6 31. e5+ fxe5+ 32. fxe5+ Kc6 33. Bxh7 Bd7
34. g4 Be8 35. g5 Kb5 36. Bg8 Kc6 37. g6 fxg6 38. Bxe6 Kb5 39. g4 g5 40. Kd5 a4
41. Kd6 a3 42. Bd7+ 1-0

[Event "LLO 2017/18"]
[Site "Mecklenburg-Vorpommern"]
[Date "2018.04.22"]
[Round "9.3"]
[White "Ebert, Lutz"]
[Black "Dittschlag, Lothar"]
[Result "1-0"]
[WhiteElo "1723"]
[BlackElo "1646"]
[PlyCount "101"]
[EventDate "2017.??.??"]
[EventType "team-tourn"]
[EventRounds "9"]
[SourceDate "2017.10.08"]
[WhiteTeam "SG Guestrow/Teterow II"]
[BlackTeam "Ribnitz-Damgarten"]

1. Nf3 d5 2. b4 e6 3. Bb2 Nf6 4. b5 c5 5. c4 Be7 6. e3 Nbd7 7. a4 dxc4 8. Bxc4
b6 9. O-O Bb7 10. Be2 O-O 11. d4 Qc7 12. Nbd2 Rac8 13. Rc1 Qb8 14. Nc4 Rfd8 15.
h3 Ba8 16. Nfe5 Nxe5 17. Nxe5 cxd4 18. Rxc8 Rxc8 19. Bxd4 Qc7 20. Bf3 Nd5 21.
Qa1 Bf6 22. Bb2 Qe7 23. Rc1 Qd8 24. Rd1 Qc7 25. e4 Ne7 26. Rc1 Qd8 27. Rxc8
Qxc8 28. Qd1 Qc7 29. Nd3 Bxb2 30. Nxb2 Ng6 31. Nd3 Nf8 32. Qc1 Qxc1+ 33. Nxc1
Nd7 34. Nd3 Kf8 35. Kf1 Ke7 36. Ke2 Kd6 37. e5+ Nxe5 38. Nxe5 Kxe5 39. Bxa8 Kd4
40. Kd2 f5 41. Bc6 f4 42. Bf3 e5 43. Bd1 e4 44. Ke2 Kc3 45. h4 g6 46. g3 fxg3
47. fxg3 Kd4 48. Bc2 h6 49. g4 g5 50. h5 e3 51. Bd3 1-0

[Event "LLO 2017/18"]
[Site "Mecklenburg-Vorpommern"]
[Date "2018.04.22"]
[Round "9.4"]
[White "Morejko, Wojciech"]
[Black "Joers, Pia Milena"]
[Result "1-0"]
[WhiteElo "1608"]
[BlackElo "1623"]
[PlyCount "81"]
[EventDate "2017.??.??"]
[EventType "team-tourn"]
[EventRounds "9"]
[SourceDate "2017.10.08"]
[WhiteTeam "Ribnitz-Damgarten"]
[BlackTeam "SG Guestrow/Teterow II"]

1. c4 Nf6 2. Nf3 e6 3. d4 d5 4. Nc3 c6 5. Bg5 Nbd7 6. e3 Bb4 7. Bd3 Qa5 8. O-O
Bxc3 9. bxc3 Qxc3 10. cxd5 cxd5 11. Rc1 Qa3 12. Qc2 O-O 13. Rb1 b6 14. Rb3 Qd6
15. Bf4 Qe7 16. Qc6 Rb8 17. Bxb8 Nxb8 18. Qa4 Qc7 19. Qa3 Nc6 20. Rc1 Qb7 21.
Rbc3 Na5 22. Rc7 Qb8 23. Qxf8+ Kxf8 24. Rxc8+ Qxc8 25. Rxc8+ Ke7 26. Rc7+ Kf8
27. Rxa7 Nc6 28. Rc7 Nb4 29. Ne5 Nxd3 30. Nxd3 Ne8 31. Rb7 Nd6 32. Rxb6 Nc4 33.
Rb7 f6 34. Nc5 e5 35. dxe5 fxe5 36. a4 d4 37. exd4 exd4 38. Ne6+ Kg8 39. Nxd4
h6 40. Nf5 Kf8 41. Rc7 1-0

[Event "LLO 2017/18"]
[Site "Mecklenburg-Vorpommern"]
[Date "2018.04.22"]
[Round "9.5"]
[White "Janisch, Harald"]
[Black "Wehrmann, Horst"]
[Result "0-1"]
[WhiteElo "1545"]
[BlackElo "1585"]
[PlyCount "88"]
[EventDate "2017.??.??"]
[EventType "team-tourn"]
[EventRounds "9"]
[SourceDate "2017.10.08"]
[WhiteTeam "SG Guestrow/Teterow II"]
[BlackTeam "Ribnitz-Damgarten"]

1. e4 d5 2. exd5 Qxd5 3. Nc3 Qd8 4. d4 e6 5. Nf3 Nf6 6. Bg5 Be7 7. Bc4 h6 8.
Bf4 O-O 9. O-O c6 10. a3 Nd5 11. Nxd5 cxd5 12. Bd3 a5 13. Qd2 g5 14. Bxb8 Rxb8
15. Ne5 Bf6 16. f4 Bxe5 17. fxe5 f6 18. Qe2 f5 19. Qh5 Kg7 20. g4 Qd7 21. Rf3
Qf7 22. Qxf7+ Rxf7 23. gxf5 exf5 24. Raf1 f4 25. Kg2 Bg4 26. R3f2 Be6 27. h3
Rbf8 28. Rf3 h5 29. R3f2 Kh6 30. c3 g4 31. hxg4 hxg4 32. Rh1+ Kg5 33. Kg1 g3
34. Rg2 Bg4 35. Rh7 Rxh7 36. Bxh7 Rh8 37. Bd3 Bf3 38. e6 Kf6 39. Bf1 Kxe6 40.
Be2 Bxg2 41. Kxg2 Rh2+ 42. Kf1 Rf2+ 43. Ke1 f3 44. Bd3 Rxb2 0-1

[Event "LLO 2017/18"]
[Site "Mecklenburg-Vorpommern"]
[Date "2018.04.22"]
[Round "9.6"]
[White "Zierke, Udo"]
[Black "Dettmann, Juergen"]
[Result "1-0"]
[WhiteElo "1597"]
[BlackElo "1486"]
[PlyCount "111"]
[EventDate "2017.??.??"]
[EventType "team-tourn"]
[EventRounds "9"]
[SourceDate "2017.10.08"]
[WhiteTeam "Ribnitz-Damgarten"]
[BlackTeam "SG Guestrow/Teterow II"]

1. e4 c5 2. Nf3 Nc6 3. d4 cxd4 4. Nxd4 e6 5. Nxc6 bxc6 6. Be2 Nf6 7. Nc3 Bb4 8.
Qd3 Bxc3+ 9. Qxc3 Qc7 10. Bg5 e5 11. Bxf6 gxf6 12. Qf3 Qd6 13. O-O Bb7 14. Bc4
Qe7 15. Qb3 d6 16. f4 Rd8 17. Rad1 Rg8 18. fxe5 d5 19. exd5 cxd5 20. Bb5+ Kf8
21. exf6 Qc5+ 22. Rf2 d4 23. Qc4 Qe5 24. Bc6 Bc8 25. Qb4+ Qd6 26. Qxd6+ Rxd6
27. Be4 h6 28. c3 Rg4 29. Bf3 Rg6 30. Rxd4 Rgxf6 31. Rxd6 Rxd6 32. g4 Rg6 33.
h3 h5 34. Rg2 hxg4 35. hxg4 Re6 36. Bd5 Rg6 37. g5 Ke7 38. c4 Be6 39. Bxe6 Rxe6
40. Rd2 Re4 41. c5 Re5 42. b4 Rxg5+ 43. Kf2 Rg8 44. c6 Rc8 45. Rd7+ Ke6 46. b5
f6 47. Rxa7 Kd6 48. Rd7+ Kc5 49. a4 Ra8 50. c7 Rc8 51. Kf3 Kb6 52. Kf4 Kb7 53.
Kf5 Ra8 54. Rd8 Rc8 55. Rxc8 Kxc8 56. b6 1-0

[Event "LLO 2017/18"]
[Site "Mecklenburg-Vorpommern"]
[Date "2018.04.22"]
[Round "9.7"]
[White "Eulitz, Charlotte"]
[Black "Langbein, Wolfgang"]
[Result "1-0"]
[WhiteElo "1474"]
[BlackElo "1425"]
[PlyCount "79"]
[EventDate "2017.??.??"]
[EventType "team-tourn"]
[EventRounds "9"]
[SourceDate "2017.10.08"]
[WhiteTeam "SG Guestrow/Teterow II"]
[BlackTeam "Ribnitz-Damgarten"]

1. e4 e5 2. Nf3 d6 3. d4 exd4 4. Nxd4 Be7 5. Nc3 a6 6. Be3 Bf6 7. Qd2 h6 8. g3
Ne7 9. Bg2 Bd7 10. f4 Nec6 11. O-O-O Nxd4 12. Bxd4 Nc6 13. Bxf6 Qxf6 14. Nd5
Qd8 15. Rde1 O-O 16. h3 Re8 17. Qc3 Rc8 18. Rhf1 Be6 19. h4 f6 20. a3 Kf8 21.
Bf3 Kg8 22. g4 Kh8 23. Rg1 Ne7 24. Nxf6 Rf8 25. Nh5 Rf7 26. f5 Qf8 27. Be2 Bd7
28. Bc4 d5 29. Bxd5 Nxd5 30. exd5 c5 31. Nf4 Kg8 32. Ne6 Qd6 33. Qe5 Qxe5 34.
Rxe5 c4 35. Rge1 Re7 36. d6 Ree8 37. Nc7 Rxe5 38. Rxe5 Kf8 39. Ne6+ Kf7 40. Nc5
{ZÜ} 1-0

[Event "LLO 2017/18"]
[Site "Mecklenburg-Vorpommern"]
[Date "2018.04.22"]
[Round "9.8"]
[White "Ehrich, Dieter"]
[Black "Roessler, Hans Juergen"]
[Result "1/2-1/2"]
[WhiteElo "1486"]
[BlackElo "1172"]
[PlyCount "132"]
[EventDate "2017.??.??"]
[EventType "team-tourn"]
[EventRounds "9"]
[SourceDate "2017.10.08"]
[WhiteTeam "Ribnitz-Damgarten"]
[BlackTeam "SG Guestrow/Teterow II"]

1. c4 e6 2. g3 Nf6 3. Bg2 c6 4. Nf3 Be7 5. d4 d5 6. O-O O-O 7. Qc2 dxc4 8. Qxc4
Nbd7 9. Nc3 Nb6 10. Qd3 c5 11. Bf4 Nbd5 12. Be5 Nxc3 13. bxc3 Ng4 14. Bf4 Bd6
15. Ng5 g6 16. Bd2 Be7 17. Ne4 cxd4 18. cxd4 Nf6 19. Rab1 Nd5 20. Qb3 b6 21.
Nc3 Nxc3 22. Qxc3 Rb8 23. Bh6 Re8 24. d5 Bf6 25. Qa3 a6 26. dxe6 Bxe6 27. Rfd1
Qe7 28. Qxa6 Red8 29. Qa4 Rxd1+ 30. Rxd1 Rd8 31. Rxd8+ Qxd8 32. a3 Bd4 33. Qd1
Qf6 34. e3 Bc5 35. Qa4 Qd8 36. Qa6 Qd1+ 37. Bf1 Qd8 38. a4 Bc8 39. Qc4 Be6 40.
Qc3 Bf8 41. Bxf8 Qxf8 42. a5 bxa5 43. Qxa5 Qc8 44. Qa1 Qc2 45. Qe1 Qa2 46. Qe2
Qa1 47. Kg2 Qa8+ 48. f3 Qc8 49. Qa6 Qd7 50. Kg1 Qd2 51. Qe2 Qc1 52. Kf2 Qc5 53.
Qd2 Qb6 54. Be2 Qc7 55. Qd4 h5 56. h4 Kh7 57. Qd3 Kg8 58. e4 Qc5+ 59. Qe3 Qc7
60. f4 Bc8 61. Qd3 Qc5+ 62. Qe3 Qc2 63. f5 gxf5 64. Qg5+ Kf8 65. exf5 Bxf5 66.
Qxh5 Qc5+ 1/2-1/2

[Event "LLO 2017/18"]
[Site "Mecklenburg-Vorpommern"]
[Date "2018.04.22"]
[Round "9.1"]
[White "Kilp, Andreas"]
[Black "Menkhaus, Wolf Dieter"]
[Result "1/2-1/2"]
[WhiteElo "1701"]
[BlackElo "1832"]
[PlyCount "60"]
[EventDate "2017.??.??"]
[EventType "team-tourn"]
[EventRounds "9"]
[SourceDate "2017.10.08"]
[WhiteTeam "SAV Torgelow II"]
[BlackTeam "SSC Rostock II"]

1. e4 e5 2. Nf3 Nf6 3. Nc3 Nc6 4. Bc4 Nxe4 5. Nxe4 d5 6. Bxd5 Qxd5 7. Nc3 Qd7
8. Qe2 f6 9. d3 b6 10. Bd2 Bb7 11. O-O-O O-O-O 12. Rhe1 Kb8 13. Qf1 Qf7 14. Kb1
h6 15. h3 g6 16. Re2 Bg7 17. Rde1 h5 18. h4 Bh6 19. Bxh6 Rxh6 20. Re3 Rhh8 21.
a3 Rd7 22. Ne4 Rhd8 23. Rd1 Ne7 24. Ree1 Nf5 25. Qe2 Nd4 26. Nxd4 Rxd4 27. f3
c5 28. g3 Qe7 29. Kc1 Ba6 30. Qe3 Qf8 1/2-1/2

[Event "LLO 2017/18"]
[Site "Mecklenburg-Vorpommern"]
[Date "2018.04.22"]
[Round "9.2"]
[White "Herde, Dittmar"]
[Black "Kilp, Gunnar"]
[Result "1/2-1/2"]
[WhiteElo "1803"]
[BlackElo "1685"]
[PlyCount "26"]
[EventDate "2017.??.??"]
[EventType "team-tourn"]
[EventRounds "9"]
[SourceDate "2017.10.08"]
[WhiteTeam "SSC Rostock II"]
[BlackTeam "SAV Torgelow II"]

1. d4 d5 2. c4 e6 3. Nf3 Nf6 4. Nc3 c6 5. Bg5 Be7 6. e3 b6 7. cxd5 Nxd5 8. Bxe7
Qxe7 9. a3 O-O 10. Bd3 Bb7 11. Rc1 Nd7 12. Nxd5 exd5 13. O-O c5 1/2-1/2

[Event "LLO 2017/18"]
[Site "Mecklenburg-Vorpommern"]
[Date "2018.04.22"]
[Round "9.3"]
[White "Grossmann, Piet"]
[Black "Wurst, Maximilian"]
[Result "1/2-1/2"]
[WhiteElo "1654"]
[BlackElo "1680"]
[PlyCount "36"]
[EventDate "2017.??.??"]
[EventType "team-tourn"]
[EventRounds "9"]
[SourceDate "2017.10.08"]
[WhiteTeam "SAV Torgelow II"]
[BlackTeam "SSC Rostock II"]

1. e4 e5 2. Nf3 Nc6 3. d4 exd4 4. Nxd4 Bc5 5. Be3 Bxd4 6. Bxd4 Nxd4 7. Qxd4 Qf6
8. c3 d6 9. Be2 Qg6 10. O-O Nh6 11. Nd2 Ng4 12. f4 f5 13. Bxg4 Qxg4 14. e5 Be6
15. exd6 O-O-O 16. Qxa7 Rxd6 17. Nf3 Ra6 18. Qe3 Bd5 1/2-1/2

[Event "LLO 2017/18"]
[Site "Mecklenburg-Vorpommern"]
[Date "2018.04.22"]
[Round "9.4"]
[White "Worm, Alfred"]
[Black "Schmekel, Felix"]
[Result "0-1"]
[WhiteElo "1618"]
[BlackElo "1636"]
[PlyCount "102"]
[EventDate "2017.??.??"]
[EventType "team-tourn"]
[EventRounds "9"]
[SourceDate "2017.10.08"]
[WhiteTeam "SSC Rostock II"]
[BlackTeam "SAV Torgelow II"]

1. e4 c5 2. Nf3 Nc6 3. c3 e6 4. d4 cxd4 5. cxd4 Qb6 6. Nc3 Bb4 7. a3 Bxc3+ 8.
bxc3 Nge7 9. Bd3 Qc7 10. O-O e5 11. Bg5 Ng6 12. d5 Nce7 13. c4 f6 14. Be3 b6
15. Rc1 d6 16. h3 O-O 17. Nh2 Bd7 18. f4 exf4 19. Bxf4 Nxf4 20. Rxf4 Qc5+ 21.
Kh1 Ng6 22. Rf1 Qxa3 23. Ng4 Bxg4 24. hxg4 Ne5 25. Be2 Qe3 26. Bf3 Rfc8 27. Re1
Qh6+ 28. Kg1 Nxc4 29. Re2 Ne5 30. Rec2 Rc5 31. Rxc5 bxc5 32. Rb1 Qe3+ 33. Kh1
Nd3 34. Kh2 Nb4 35. Rb3 Qf4+ 36. Kg1 Qe5 37. Qd2 Qa1+ 38. Kf2 Qa2 39. Qxa2 Nxa2
40. Rb7 a5 41. Rd7 Ra6 42. Be2 Rb6 43. Ra7 Nc3 44. Bc4 Rb4 45. Bd3 c4 46. Rc7
cxd3 47. Rxc3 Rd4 48. Ke1 d2+ 49. Kd1 Rxe4 50. Kxd2 Rxg4 51. g3 Rd4+ 0-1